Invalidizácia v roku 1995

Rozbor vývoja invalidizácie v SR od r.1987-1995. Ukazovatele incidencie invalidity a čiastočnej invalidity. Konkretizácia príčin nepriaznivého vývoja invalidizácie.

Guardado en:
Detalles Bibliográficos
Autor principal: Haláková, Ľ.
Formato: Capítulo de libro
Lenguaje:eslovaco
Materias:
Etiquetas: Agregar Etiqueta
Sin Etiquetas, Sea el primero en etiquetar este registro!

MARC

LEADER 00000naa a2200000 4500
001 r021606
005 20230922130213.5
041 0 |a slo 
044 |a SK 
245 1 0 |a Invalidizácia v roku 1995  |c Ľ. Haláková 
520 |a Rozbor vývoja invalidizácie v SR od r.1987-1995. Ukazovatele incidencie invalidity a čiastočnej invalidity. Konkretizácia príčin nepriaznivého vývoja invalidizácie. 
610 2 0 |a invalidita 
610 2 0 |a invalidi 
610 2 0 |a Slovensko 
610 2 0 |a 1995 
610 2 0 |a 1987-1995 
610 2 0 |a údaje štatistické 
100 1 |a Haláková, Ľ.